000 01003nam a2200229Ia 4500
001 IA_6477,03/04/2017,03/04/2017,5232372017 mx mndl8223123322spa16,"
002 Aguascalientes
008 220117salie xx 000 0 und d
010 _a186228
090 _aT.C.742 E87 IA 2017
100 _aEspejel Zaragoza
_9155018
260 _aMéxico :
_bEl autor,
_calie
300 _a277 h.
500 _aEl CD contiene reporte
502 _aViaje de Estuidos (IA) -- UACh. Departamento de Ingeniería Agroindustrial
901 _aS.A. de C.V. \ 4. Centro de Servicio Integral para el Desarrollo de las Ganaderías Altas Norte
902 _aS. de P. R. de R. L. \ 5. Apiarios FAMA
903 _aS. R. M. I. de C. V. \ 6. AGROIN
904 _aalie
942 _cGuanajuato y Querétaro llevados a cabo del 25 de enero al 6 de febrero del 2017 / coordinación José Alfredo Espejel Zaragoza ; colaboración Héctor Daniel Camacho Gurrola...[et al.]
999 _c186228
_d186228